Top 100 Boys' Names Scotland 2018 - Statistics

General Stats
  • This quiz has been taken 121 times
  • The average score is 52 of 100
Answer Stats
# First Letter Name % Correct
2 O Oliver
99%
3 J James
98%
11= H Harry
94%
1 J Jack
93%
76 J John
91%
85 A Alex
85%
68 M Michael
85%
92 H Henry
84%
14= T Thomas
84%
34 L Liam
79%
54= R Robert
79%
33 W William
79%
62 A Andrew
78%
5 L Leo
76%
7 A Alexander
75%
11 C Charlie
75%
21= D Daniel
75%
64= J Joseph
75%
43 L Luke
75%
75 B Ben
74%
63 D David
74%
77 J Josh
74%
48 L Luca
73%
29 O Oscar
73%
34= M Matthew
72%
6 L Lewis
70%
9 N Noah
70%
21 A Adam
69%
17 A Archie
69%
13 L Lucas
69%
53 G George
67%
26 J Joshua
67%
89 O Owen
66%
71= B Benjamin
65%
38 F Freddie
65%
14 J Jacob
65%
70 L Leon
64%
85= L Louis
64%
60= R Ryan
63%
23 E Ethan
61%
4 L Logan
60%
42 N Nathan
60%
59 J Jackson
57%
36 J Jaxon
57%
19 F Finlay
56%
20 F Finn
56%
7= H Harris
56%
46 A Arthur
55%
50= C Connor
55%
16 A Alfie
54%
79 S Sam
52%
31 A Aaron
51%
32 C Callum
51%
24 M Mason
51%
67 I Isaac
49%
82= J Jake
49%
40 J Jamie
49%
27 T Theo
49%
37 H Harrison
48%
41 C Caleb
47%
56= S Samuel
46%
89= T Tommy
46%
97 A Aiden
44%
50= D Dylan
44%
97= F Frankie
44%
95 J Jayden
44%
10 R Rory
44%
18 M Max
42%
28 C Cameron
38%
44 M Muhammad
38%
38= O Ollie
38%
82= E Elijah
37%
58 H Hamish
34%
30 H Hunter
33%
64= K Kai
33%
89= T Tyler
33%
49 A Angus
28%
50 C Carter
28%
93 E Elliot
28%
97= G Gabriel
28%
56 A Arlo
27%
45 J Jude
27%
69 R Reuben
27%
74 R Riley
27%
25 B Brodie
24%
54 B Blake
22%
60 C Cole
21%
100 J Jax
19%
71 A Aidan
18%
64 F Fraser
17%
80 G Grayson
17%
47 A Arran
15%
81 C Cooper
13%
95= K Kayden
13%
73 B Blair
12%
93= L Lyle
11%
77= M Murray
11%
82 C Callan
10%
85= I Innes
8%
85= R Ruaridh
6%
No matching quizzes found
Score Distribution
Percent of People with Each Score
Percentile by Number Answered
Your Score History
You have not taken this quiz